Employment in SR associated with the risk of enterprise deaths

Analýza vplyvu vybraných faktorov na podieli zamestnaných v zaniknutých podnikoch na Slovensku za roky 2008 až 2013 pomocou databázy Demografie podnikov. Opis vývoja vybraných ukazovateľov zamestnanosti z hľadiska časovej dimenzie ako aj ekonomickej činnosti, ktorú podnik vykonáva podľa štatistickej...

Descripción completa

Guardado en:
Detalles Bibliográficos
Autor principal: Šoltés, Erik, 1974-
Otros Autores: Vojtková, Mária, 1966-
Formato: Capítulo de libro
Lenguaje:eslovaco
Materias:
Etiquetas: Agregar Etiqueta
Sin Etiquetas, Sea el primero en etiquetar este registro!

MARC

LEADER 00000nla a2200000 4500
001 0227850
005 20240502083614.1
041 0 |a slo 
044 |a CZ 
245 1 0 |a Employment in SR associated with the risk of enterprise deaths  |c Erik Šoltés, Mária Vojtková 
520 |a Analýza vplyvu vybraných faktorov na podieli zamestnaných v zaniknutých podnikoch na Slovensku za roky 2008 až 2013 pomocou databázy Demografie podnikov. Opis vývoja vybraných ukazovateľov zamestnanosti z hľadiska časovej dimenzie ako aj ekonomickej činnosti, ktorú podnik vykonáva podľa štatistickej klasifikácie ekonomických činností. 
610 2 0 |a trh práce 
610 2 0 |a firmy 
610 2 0 |a zamestnanosť 
610 2 0 |a demografia 
100 1 |a Šoltés, Erik, 1974- 
700 1 |a Vojtková, Mária, 1966-